Statystyki dla Stacje PKP SKM w Trójmieście (z mapą)

Kliknij tutaj aby rozwiązać quiz!

Ogólne statystyki

  • Ten quiz został rozwiązany 619 razy
  • Średni wynik to 29 z 63

Odpowiedzi na mapie

Odpowiedzi skodowane kolorowo w zielono-czerwonej skali na mapie do tego quizu, zgodnie z poniższymi procentami.
 

Statystyki odpowiedzi

Odpowiedź% Poprawnych
Gdańsk Główny
92%
Gdynia Główna
90%
Sopot
88%
Wejherowo
85%
Gdańsk Wrzeszcz
83%
Gdańsk Oliwa
81%
Rumia
78%
Gdańsk Śródmieście
77%
Reda
75%
Gdynia Chylonia
69%
Gdańsk Stocznia
68%
Gdynia Orłowo
67%
Sopot Wyścigi
66%
Lębork
65%
Sopot Kamienny Potok
63%
Gdańsk Politechnika
62%
Gdynia Wzgórze Św. Maksymiliana
62%
Kościerzyna
62%
Gdynia Redłowo
61%
Kartuzy
60%
Gdańsk Zaspa
58%
Gdynia Cisowa
58%
Gdynia Grabówek
51%
Gdańsk Przymorze - Uniwersytet
50%
Gdańsk Żabianka - AWFiS
50%
Gdańsk Port Lotniczy
46%
Rumia Janowo
46%
Wejherowo Śmiechowo
46%
Gdynia Leszczynki
44%
Gdańsk Osowa
43%
Żukowo
43%
Gdynia Stadion
41%
Wejherowo Nanice
41%
Gdańsk Brętowo
39%
Gdańsk Matarnia
39%
Gdańsk Niedźwiednik
38%
Gdańsk Rębiechowo
38%
Gdynia Karwiny
38%
Gdańsk Strzyża
37%
Luzino
37%
Gdańsk Jasień
36%
Gdynia Stocznia - Uniwersytet Morski
36%
Gdańsk Stadion EXPO
32%
Rębiechowo
32%
Reda Pieleszewo
32%
Lębork Mosty
30%
Gdańsk Kiełpinek
29%
Żukowo Wschodnie
28%
Bożepole Wielkie
27%
Gościcino Wejherowskie
26%
Somonino
24%
Wieżyca
23%
Pępowo Kartuskie
22%
Strzebielino Morskie
22%
Borkowo
21%
Dzierżążno
20%
Godętowo
20%
Babi Dół
19%
Gołubie Kaszubskie
17%
Krzeszna
16%
Skorzewo
16%
Kiełpino Kartuskie
15%
Sławki
15%

Rozkład punktacji

Percentyl według liczby udzielonych odpowiedzi

Procent ludzi z każdym wynikiem

Twoja historia wyników

Nie rozwiązałeś tego quizu